000 00706nam a2200253Ia 4500
003 OSt
005 20220925221318.0
006 a|||||r|||| 00| 0
007 ta
008 220923b |||||||| |||| 00| 0 eng d
020 _a0720120020
037 _cGeneral Book
040 _aRTL
_cRTL
_beng
041 _2eng
_aeng
082 _aQ7:(T).435.N8, M9
100 _aWan Daud Wan Mohd
_9286263
245 0 _aConcept of knowlege in lslam and its implicaitons
260 _aLondon
_bMansell UK
_c1989
300 _aix, 144p.
_ccm.
500 _aBib p. 122-135
650 _aIslam
_9577
942 _hQ7:(T).435.N8, M9
_cGB
_2CC
999 _c573925
_d573925